Normal view
MARC view
- Ubaid Waqar, Syndicate No. 18
Entry Personal Name
001 - CONTROL NUMBER
- control field: 48140
003 - CONTROL NUMBER IDENTIFIER
- control field: NUST
005 - DATE AND TIME OF LATEST TRANSACTION
- control field: 20210314134001.0
008 - FIXED-LENGTH DATA ELEMENTS
- fixed length control field: 210314|| aca||aabn | a|a d
040 ## - CATALOGING SOURCE
- Original cataloging agency: NUST
- Transcribing agency: NUST
100 ## - HEADING--PERSONAL NAME
- Personal name: Ubaid Waqar, Syndicate No. 18
670 ## - SOURCE DATA FOUND
- Source citation: Work cat.: (NUST): Ubaid Waqar, Syndicate No. 18, Rehabilitation of cracked rcc beams by pre-stressing technique, 2007
